The other guy blinked : (Запис № 533750)
[ простий вигляд ]
| 000 -LEADER | |
|---|---|
| fixed length control field | 01851cam a2200481 a 4500 |
| 001 - CONTROL NUMBER | |
| control field | otherguyblinkedh00enri |
| 003 - CONTROL NUMBER IDENTIFIER | |
| control field | CaSfIA |
| 005 - DATE AND TIME OF LATEST TRANSACTION | |
| control field | 20210118195208.0 |
| 007 - PHYSICAL DESCRIPTION FIXED FIELD--GENERAL INFORMATION | |
| fixed length control field | cr|||| |
| 008 - FIXED-LENGTH DATA ELEMENTS--GENERAL INFORMATION | |
| fixed length control field | 860627s1986 onc 001 0 eng |
| 010 ## - LIBRARY OF CONGRESS CONTROL NUMBER | |
| LC control number | 86017485 |
| 040 ## - CATALOGING SOURCE | |
| Original cataloging agency | DLC |
| Transcribing agency | DLC |
| Modifying agency | NLGGC |
| -- | BTCTA |
| -- | YDXCP |
| -- | AU@ |
| -- | NIALS |
| -- | EDX |
| -- | CaSfIA |
| 020 ## - INTERNATIONAL STANDARD BOOK NUMBER | |
| International Standard Book Number | 0553051776 |
| 020 ## - INTERNATIONAL STANDARD BOOK NUMBER | |
| International Standard Book Number | 9780553051773 |
| 035 ## - SYSTEM CONTROL NUMBER | |
| System control number | (OCoLC)13860521 |
| 043 ## - GEOGRAPHIC AREA CODE | |
| Geographic area code | n-us--- |
| 050 00 - LIBRARY OF CONGRESS CALL NUMBER | |
| Classification number | HD9349.S634 |
| Item number | P464 1986 |
| 082 00 - DEWEY DECIMAL CLASSIFICATION NUMBER | |
| Classification number | 338.7/66362/0973 |
| Edition number | 19 |
| 084 ## - OTHER CLASSIFICATION NUMBER | |
| Classification number | 83.67 |
| Source of number | bcl |
| 029 1# - (OCLC) | |
| OCLC library identifier | NLGGC |
| System control number | 863472583 |
| 029 1# - (OCLC) | |
| OCLC library identifier | NLGGC |
| System control number | 12770535X |
| 029 1# - (OCLC) | |
| OCLC library identifier | NZ1 |
| System control number | 5075683 |
| 029 1# - (OCLC) | |
| OCLC library identifier | AU@ |
| System control number | 000004757069 |
| 029 1# - (OCLC) | |
| OCLC library identifier | HEBIS |
| System control number | 114275092 |
| 100 1# - MAIN ENTRY--PERSONAL NAME | |
| Personal name | Enrico, Roger. |
| 245 14 - TITLE STATEMENT | |
| Title | The other guy blinked : |
| Medium | [electronic resource] |
| Remainder of title | how Pepsi won the cola wars / |
| Statement of responsibility, etc | Roger Enrico and Jesse Kornbluth. |
| 260 ## - PUBLICATION, DISTRIBUTION, ETC. (IMPRINT) | |
| Place of publication, distribution, etc | Tononto ; |
| -- | New York : |
| Name of publisher, distributor, etc | Bantam, |
| Date of publication, distribution, etc | 1986. |
| 300 ## - PHYSICAL DESCRIPTION | |
| Extent | viii, 280 p. ; |
| Dimensions | 24 cm. |
| 500 ## - GENERAL NOTE | |
| General note | Includes index. |
| 506 ## - RESTRICTIONS ON ACCESS NOTE | |
| Standardized terminology for access restriction | Необхідна авторизація на https://archive.org/ (створення облікового запису безкоштовно) |
| 506 ## - RESTRICTIONS ON ACCESS NOTE | |
| Standardized terminology for access restriction | Необхідна авторизація на https://openlibrary.org/ (створення облікового запису безкоштовно) |
| 610 20 - SUBJECT ADDED ENTRY--CORPORATE NAME | |
| Corporate name or jurisdiction name as entry element | Pepsi-Cola Company. |
| 610 20 - SUBJECT ADDED ENTRY--CORPORATE NAME | |
| Corporate name or jurisdiction name as entry element | Coca-Cola Company. |
| 650 #0 - SUBJECT ADDED ENTRY--TOPICAL TERM | |
| Topical term or geographic name as entry element | Soft drink industry |
| Geographic subdivision | United States. |
| 650 17 - SUBJECT ADDED ENTRY--TOPICAL TERM | |
| Topical term or geographic name as entry element | Frisdrankenindustrie. |
| Source of heading or term | gtt |
| 650 17 - SUBJECT ADDED ENTRY--TOPICAL TERM | |
| Topical term or geographic name as entry element | Concurrentie. |
| Source of heading or term | gtt |
| 650 17 - SUBJECT ADDED ENTRY--TOPICAL TERM | |
| Topical term or geographic name as entry element | Pepsi Cola. |
| Source of heading or term | gtt |
| 650 17 - SUBJECT ADDED ENTRY--TOPICAL TERM | |
| Topical term or geographic name as entry element | Coca-Cola Company. |
| Source of heading or term | gtt |
| 700 1# - ADDED ENTRY--PERSONAL NAME | |
| Personal name | Kornbluth, Jesse. |
| 856 41 - ELECTRONIC LOCATION AND ACCESS | |
| Uniform Resource Identifier | <a href="http://www.archive.org/details/otherguyblinkedh00enri">http://www.archive.org/details/otherguyblinkedh00enri</a> |
| Public note | Free eBook from the Internet Archive |
| 856 42 - ELECTRONIC LOCATION AND ACCESS | |
| Uniform Resource Identifier | <a href="http://www.openlibrary.org/books/OL2723855M">http://www.openlibrary.org/books/OL2723855M</a> |
| Public note | Additional information and access via Open Library |
| 942 ## - ADDED ENTRY ELEMENTS (KOHA) | |
| Koha item type | ЕКнига |
Немає доступних примірників.